000 00520nam a22001697a 4500
999 _c8416
_d8416
008 201118b ||||| |||| 00| 0 eng d
040 _aBMS College of Architecture
100 _aReddy, G Hemanth
245 _aSub district hospital
300 _a32p.
500 _a1BM14AT038
502 _8B,Arch
_NBMS College of Architecture, Visvesvaraya Technological University (VTU)
_aProject report
_d2019
650 _aHospital
700 _aManohar Walvekar
_eGuide
700 _aAparna Raveendran
_eGuide
942 _2ddc
_cTHE